| 000 | 00471cam a22001934a 4500 | ||
|---|---|---|---|
| 005 | 20250605164307.0 | ||
| 008 | 250528s ||||||||||||||||||||||||d | ||
| 035 | _a22327 | ||
| 020 | _a9780761941408 | ||
| 040 |
_aGR-AtMCL _bgre _dGR-AtMCL _eAACR2 |
||
| 245 | 1 | _aYOUR UNDERGRADUATE DISSERTATION | |
| 250 | _a1 | ||
| 260 |
_bSage Publications, _c2004 |
||
| 300 | _a275 | ||
| 700 | 1 |
_aWalliman Nicholas _97126 |
|
| 942 | _cBK | ||
| 999 |
_c7381 _d7381 |
||